000 00450nam a2200193 a 4500
001 1764920667444
003 ACL
005 20251205131612.0
008 251205s2001##################000#0#eng##
020 _a9780415279079
082 0 4 _a629.416
_bSMI
100 1 _aSmirnov, N.N.,
_eauthor.
245 1 0 _aSpace Debris :
260 _bCRC Press,
_c2001.
300 _a246 pages
650 0 _aScience.
942 _cENGLISH
040 _aACL
_beng
_cACL
999 _c600350
_d600350